000 00780nam a2200241 a 4500
008 951121s1987||||[C 0 slo c
020 _c150 Kčs.
_q(30000 výtl.)
040 _aSNK
_bslo
_cSNK
_eAACR2
041 1 _aslo
_hslo
044 _axo
_cSK
080 _a908.437.6(084.12)
080 _a779
100 1 _aGregor, Miro
_4aut
245 1 0 _aSlovensko moje
_cMiro Gregor ; Miro Gregor, Pavel Koyš
250 _a1., vyd.
260 _aMartin
_bOsveta
_c1987
_eMartin
_fTlačiarne SNP
300 _a280 s., 73,91 AH
_bFot.
_c29 cm
490 0 _aEdícia vlastivedných faktografických publikácií
500 _aFot. na tit. liste, front. a predsádkach. Text k fot. rus., nem., angl. a franc.
700 1 _aGregor, Miro
_4bkd
700 1 _aKoyš, Pavel
_4oth
958 _aA
999 _c15000
_d15000